000
00273nam a2200121Ia 4500
008
231106s2014 xx 000 0 und d
041
_a
eng
082
_a
751.42
100
_a
FIONA PEART
245
_a
CUBISM AND CULTURE
260
_b
SEARCH PRESS
_c
2014
300
_a
P-144
999
_c
920222
_d
920222